Los pintores modernistas en el Círculo del Liceo. (Record no. 1577)
[ view plain ]
| 000 -CABECERA | |
|---|---|
| campo de control de longitud fija | 00920nam a2200241 a 4500 |
| 001 - NÚMERO DE CONTROL | |
| campo de control | BRCA_1795 |
| 005 - FECHA Y HORA DE LA ÚLTIMA TRANSACCIÓN | |
| campo de control | 20190320203543.0 |
| 008 - DATOS DE LONGITUD FIJA--INFORMACIÓN GENERAL | |
| campo de control de longitud fija | 980102s1997 sp-a---##b---#000-0#spa-# |
| 020 ## - NÚMERO INTERNACIONAL ESTÁNDAR DEL LIBRO | |
| Número Internacional Estándar del Libro | 8476645767 |
| 040 ## - FUENTE DE LA CATALOGACIÓN | |
| Centro catalogador/agencia de origen | DLC |
| Centro/agencia transcriptor | DLC |
| Centro/agencia modificador | DLC |
| 050 #4 - SIGNATURA TOPOGRÁFICA DE LA BIBLIOTECA DEL CONGRESO | |
| Número de clasificación | ND809 |
| Número de documento/Ítem | .P56 1997 |
| 245 10 - MENCIÓN DE TÍTULO | |
| Título | Los pintores modernistas en el Círculo del Liceo. |
| 260 ## - PUBLICACIÓN, DISTRIBUCIÓN, ETC. | |
| Lugar de publicación, distribución, etc. | Barcelona |
| Nombre del editor, distribuidor, etc. | Fundación Caixa |
| Fecha de publicación, distribución, etc. | 1997 |
| 300 ## - DESCRIPCIÓN FÍSICA | |
| Extensión | 135 p. |
| Otras características físicas | il. a color |
| Dimensiones | 30 cm. |
| 500 ## - NOTA GENERAL | |
| Nota general | Catálogo de la exposición realizada en el Hospital de los Venerables, 4 junio - 13 julio 1997 y en la Fundación La Caixa, 22 julio - 7 septiembre, 1997 |
| 500 ## - NOTA GENERAL | |
| Nota general | Colección Sonia Corcuera de Mancera |
| 504 ## - NOTA DE BIBLIOGRAFÍA, ETC. | |
| Nota de bibliografía, etc. | Bibliografía: p. 123-135 |
| 610 24 - PUNTO DE ACCESO ADICIONAL DE MATERIA--NOMBRE DE ENTIDAD CORPORATIVA | |
| Nombre de entidad corporativa o nombre de jurisdicción como elemento de entrada | Círculo del Liceo (Barcelona, España) |
| Subdivisión de forma | Exposiciones |
| 9 (RLIN) | 5598 |
| 650 14 - PUNTO DE ACCESO ADICIONAL DE MATERIA--TÉRMINO DE MATERIA | |
| Término de materia o nombre geográfico como elemento de entrada | Pintura catalana |
| Subdivisión de forma | Exposiciones |
| Subdivisión cronológica | Siglo XIX |
| 9 (RLIN) | 5599 |
| 650 14 - PUNTO DE ACCESO ADICIONAL DE MATERIA--TÉRMINO DE MATERIA | |
| Término de materia o nombre geográfico como elemento de entrada | Modernismo (Arte) |
| Subdivisión de forma | Exposiciones |
| Subdivisión geográfica | España |
| 9 (RLIN) | 5600 |
| 902 ## - CATALOGADOR | |
| Iniciales | DSC |
| 942 ## - ELEMENTOS DE PUNTO DE ACCESO ADICIONAL (KOHA) | |
| Fuente del sistema de clasificación o colocación | Library of Congress Classification |
| Tipo de ítem Koha | Libros |
| Estado de retiro | Estado de pérdida | Estado dañado | No para préstamo | Localización permanente | Ubicación/localización actual | Fecha de adquisición | Total de préstamos | Signatura topográfica completa | Código de barras | Fecha visto por última vez | Precio válido a partir de | Tipo de ítem Koha |
|---|---|---|---|---|---|---|---|---|---|---|---|---|
| El ejemplar forma parte de la colección y puede ser consultado según las políticas vigentes. | Biblioteca del Museo Franz Mayer (Rogerio Casas-Alatriste) | Biblioteca del Museo Franz Mayer (Rogerio Casas-Alatriste) | 27/06/2008 | ND809 .P56 1997 | DSC00041 | 22/03/2019 | 22/03/2019 | Libros |